000 00529nam a22001937a 4500
003 koha_MIRAKIL
005 20231213065317.0
008 231213b |||||||| |||| 00| 0 ||| d
020 _b978-9-75510032-6
040 _aTR-IsEVY
_btur
_cTR-IsEVY
082 _a869 VAS/Ş
100 _aVasconcelos, Jose Mauro de.
245 0 _aŞeker portakalı
250 _a102. bs.
260 _bCan Çocuk,
_c2009
300 _a197 s.
650 _aPortekiz edebiyatı. -- Portuguese literature. -- Roman. -- Fiction.
942 _2ddc
_cBK
999 _c1509
_d1509